000 00746nam a2200205Ii 4500
003 JO-AjNU
008 230605s9999||||xx |||||||||||||| ||und||
017 _a2005/18636
040 _aJO-AjNU
_bara
_erda
_cJO-AjNU
041 _aara
050 1 4 _aBP173.7 2007
100 3 _aمحمدين، عبد العليم محمد ,
_eauthor
_932550
245 0 0 _aالعلاقات الدولية في الإسلام
264 3 1 _aد.م: المؤلف، 2007
300 _a634ص
336 _atext
_btxt
_2rdacontent
337 _aunmediated
_bn
_2rdamedia
338 _avolume
_bnc
_2rdacarrier
650 4 _aالاسلام والعلاقات الخارجية- الاسلام والدبلوماسية- النظام السياسي في الاسلام
_932551
999 _aA13155
_c16723
_d16723